000 00749nam a2200229Ia 4500
003 GCL
008 140319s9999 xx 000 0 ara d
040 _aGCL /
_cGCL
082 0 4 _a811.1
_bن د
100 1 _aكرم البستانى
245 1 0 _aديوان النابغة الذبيانى /
_cكرم البستانى
700 1 _aالنابغة الذبيانى، أبوامامة زياد بن معاوية، -604م
260 _a[S.N] :
_bدار صادر
300 _a135 ص
490 _a
650 0 4 _aالشعر العربى
650 0 4 _aالادب العربى
650 0 4 _aدواوين وقصائد
650 0 4 _aالدولة العباسية الثانية
650 0 4 _aالنابغة الذبيانى
942 _2ddc
_cBK
999 _c31431
_d31431